| 000 | 01550nam a2200361Ia 4500 | ||
|---|---|---|---|
| 001 | ebr10463947 | ||
| 003 | CaPaEBR | ||
| 006 | m u | ||
| 007 | cr cn||||||||| | ||
| 008 | 050330s2005 enk sb 100 0 eng d | ||
| 020 | _z1855753928 | ||
| 020 | _z9781855753921 | ||
| 040 |
_aCaPaEBR _cCaPaEBR |
||
| 035 | _a(OCoLC)726829018 | ||
| 050 | 1 | 4 |
_aBF575.A86 _bJ64 2005eb |
| 111 | 2 |
_aJohn Bowlby Memorial Conference _n(11th : _d2004 : _cLondon, England) |
|
| 245 | 1 | 0 |
_aAttachment and sexuality in clinical practice _h[electronic resource] : _bthe John Bowlby Memorial Conference Monograph 2004 / _cedited by Kate White. |
| 246 | 1 |
_iAt head of title: _aCentre for Attachment-based Psychoanalytic Psychotherapy |
|
| 260 |
_aLondon ; _aNew York : _bKarnac, _cc2005. |
||
| 300 | _aviii, 97 p. | ||
| 504 | _aIncludes bibliographical references. | ||
| 533 |
_aElectronic reproduction. _bPalo Alto, Calif. : _cebrary, _d2011. _nAvailable via World Wide Web. _nAccess may be limited to ebrary affiliated libraries. |
||
| 650 | 0 |
_aAttachment behavior _vCongresses. |
|
| 650 | 0 |
_aInterpersonal relations _vCongresses. |
|
| 650 | 0 |
_aSex (Psychology) _vCongresses. |
|
| 650 | 0 |
_aPsychotherapy _vCongresses. |
|
| 655 | 7 |
_aElectronic books. _2local |
|
| 700 | 1 |
_aWhite, Kate, _d1949- |
|
| 700 | 1 | _aBowlby, John. | |
| 710 | 2 | _aCentre for Attachment-based Psychoanalytic Psychotherapy. | |
| 710 | 2 | _aebrary, Inc. | |
| 856 | 4 | 0 |
_uhttp://site.ebrary.com/lib/rucke/Doc?id=10463947 _zAn electronic book accessible through the World Wide Web; click to view |
| 999 |
_c129274 _d129274 |
||